[Event "Kent Oliver mem"]
[Site "Winnipeg CAN"]
[Date "1997.01.05"]
[Round "5"]
[White "Magyar, Peter"]
[Black "Hanrahan, Nigel"]
[Result "0-1"]
[WhiteElo "1394"]
[BlackElo "1725"]
[PlyCount "140"]
[GameId "2160767912007890"]
[EventDate "1997.01.03"]
[EventType "swiss"]
[EventRounds "5"]
[EventCountry "CAN"]

1. e4 c5 2. Nf3 Nc6 3. d4 cxd4 4. Nxd4 Nf6 5. Nc3 d6 6. Bc4 e6 7. Bb3 a6 8. O-O Be7 9. f4 O-O 10. Kh1 Na5 11. Ba4 b5 12. Ncxb5 axb5 13. Bxb5 Nxe4 14. Bc6 Nxc6 15. Nxc6 Qe8 16. Nxe7+ Qxe7 17. Qe1 f5 18. a4 Ba6 19. Rf3 Rfb8 20. b3 Qc7 21. c4 Bxc4 22. bxc4 Qxc4 23. a5 Qb4 24. Re3 Qxe1+ 25. Rxe1 Kf7 26. Re2 Ra6 27. Rc2 Nc5 28. Bd2 Ke7 29. Bc3 g6 30. Bd4 Rb5 31. Bc3 Kd7 32. g3 Ne4 33. Be1 Nc5 34. Kg2 Nb7 35. Rac1 Rc5 36. Kh3 Rxc2 37. Rxc2 Ra7 38. Kh4 h6 39. Bd2 Nd8 40. Ra2 Ra6 41. h3 Nc6 42. g4 Nd4 43. Bc3 Nc6 44. Kg3 d5 45. h4 d4 46. Bd2 Kd6 47. h5 gxh5 48. g5 hxg5 49. fxg5 Ne5 50. Bf4 Kd5 51. Bd2 Ng6 52. Rb2 e5 53. Kf2 e4 54. Rb5+ Kc4 55. Rxf5 Kd3 56. Ke1 e3 57. Bb4 h4 58. Rf6 Ra8 59. Rxg6 Rc8 60. Ba3 Rc3 61. Bb2 Rc2 62. Rb6 Re2+ 63. Kf1 Rf2+ 64. Kg1 Kd2 65. Bxd4 Rf1+ 66. Kg2 e2 67. Rb2+ Kd3 68. Bf2 h3+ 69. Kf3 h2 70. Rb3+ Kc2 0-1

[Event "Kent Oliver mem"]
[Site "Winnipeg CAN"]
[Date "1997.01.05"]
[Round "5"]
[White "Pino, Manuel"]
[Black "Gannon, Keith"]
[Result "0-1"]
[WhiteElo "1763"]
[BlackElo "1660"]
[PlyCount "104"]
[GameId "2160767912007891"]
[EventDate "1997.01.03"]
[EventType "swiss"]
[EventRounds "5"]
[EventCountry "CAN"]

1. Nf3 Nf6 2. Nc3 Nc6 3. d4 e6 4. e4 d5 5. e5 Nd7 6. a3 a6 7. b4 b5 8. Bd3 Bb7 9. Be3 Be7 10. Nd2 Bg5 11. f4 Bh4+ 12. g3 Be7 13. O-O g6 14. Nf3 f5 15. exf6 Bxf6 16. Ne2 O-O 17. c3 Nb6 18. Bc2 Nc4 19. Bf2 a5 20. Nc1 axb4 21. cxb4 Nxb4 22. Nb3 Nxc2 23. Qxc2 Rxa3 24. Rxa3 Nxa3 25. Qe2 Re8 26. Nc5 Qc8 27. Ra1 Nc4 28. g4 Nd6 29. g5 Bg7 30. h4 c6 31. Ne5 Bxe5 32. Qxe5 Ne4 33. Nxe4 dxe4 34. Qxe4 Qd7 35. Ra7 Ra8 36. Rxb7 Qxb7 37. Qxe6+ Kh8 38. Qf6+ Qg7 39. Qxc6 Rf8 40. Qe4 Kg8 41. Kg2 b4 42. d5 b3 43. Kg3 Qc3+ 44. Kg4 b2 45. d6 Qc8+ 46. Kg3 Qf5 47. Qc4+ Rf7 48. d7 Qxd7 49. Qb3 Qb7 50. Qd3 b1=Q 51. Qd8+ Rf8 52. Qd5+ Qxd5 0-1

[Event "Kent Oliver mem"]
[Site "Winnipeg CAN"]
[Date "1997.01.05"]
[Round "5"]
[White "Roque, Rodolfo"]
[Black "Lukic, Luka"]
[Result "1-0"]
[WhiteElo "1892"]
[BlackElo "1986"]
[PlyCount "105"]
[GameId "2160767912007892"]
[EventDate "1997.01.03"]
[EventType "swiss"]
[EventRounds "5"]
[EventCountry "CAN"]

1. e4 c5 2. Bc4 Nc6 3. a3 e6 4. Nc3 Nf6 5. d3 d5 6. exd5 exd5 7. Ba2 Bg4 8. f3 Be6 9. Nge2 Bd6 10. O-O O-O 11. Bg5 Ne7 12. Bxf6 gxf6 13. Qd2 Kh8 14. Nf4 c4 15. Nxe6 fxe6 16. Kh1 cxd3 17. cxd3 Qd7 18. Rae1 Bc7 19. d4 Nf5 20. g4 Ng7 21. Qh6 f5 22. g5 Qf7 23. f4 Qg6 24. Re3 Rae8 25. Qh4 Bb6 26. Ne2 Rc8 27. Bb3 Rc6 28. Rh3 Rfc8 29. Qg3 Bd8 30. Rh6 Kg8 31. Rxg6 hxg6 32. Qh3 Nh5 33. Ng3 Nxg3+ 34. hxg3 R8c7 35. Kg1 Rh7 36. Qg2 Bb6 37. Rd1 Rhc7 38. Qd2 a5 39. a4 Kh8 40. Kf2 Rh7 41. Kf3 Rcc7 42. Qe2 Rce7 43. Qe5+ Kg8 44. Qf6 Bc7 45. Kg2 Rhf7 46. Qxg6+ Rg7 47. Qh5 Rh7 48. Qe2 b6 49. Rh1 Bd6 50. Rxh7 Kxh7 51. Qh5+ Kg8 52. Qg6+ Kf8 53. Bxd5 1-0

[Event "Kent Oliver mem"]
[Site "Winnipeg CAN"]
[Date "1997.01.05"]
[Round "5"]
[White "Yoos, John"]
[Black "Rasmussen, Barry"]
[Result "1-0"]
[WhiteElo "2375"]
[BlackElo "2236"]
[PlyCount "81"]
[GameId "2160767912007893"]
[EventDate "1997.01.03"]
[EventType "swiss"]
[EventRounds "5"]
[EventCountry "CAN"]

1. e4 c5 2. Nf3 e6 3. d4 cxd4 4. Nxd4 Nf6 5. Nc3 Nc6 6. Ndb5 Bc5 7. Nd6+ Ke7 8. Nxc8+ Rxc8 9. Be2 d5 10. exd5 Nxd5 11. Nxd5+ Qxd5 12. Qxd5 exd5 13. O-O Rhe8 14. Bg4 Rcd8 15. Bf4 Bd6 16. Rae1+ Kf8 17. Rxe8+ Kxe8 18. Re1+ Kf8 19. Bd2 Ne5 20. Bd1 Nc4 21. Bc1 Be5 22. c3 f6 23. Be2 Nb6 24. Rd1 Ke7 25. Be3 Na4 26. Rd2 b6 27. Bb5 Nc5 28. Bc6 Ke6 29. c4 d4 30. Bd5+ Rxd5 31. cxd5+ Kxd5 32. f4 Ke4 33. Bf2 Bxf4 34. Rxd4+ Kf5 35. b4 Ne4 36. Rd7 Bxh2+ 37. Kxh2 Nxf2 38. Rxa7 Nd3 39. a3 Nf4 40. Rxg7 h5 41. a4 1-0

[Event "Keres Active"]
[Site "Toronto CAN"]
[Date "1997.10.26"]
[Round "3"]
[White "Day, Lawrence"]
[Black "Milicevic, Goran"]
[Result "1-0"]
[WhiteElo "2495"]
[BlackElo "2365"]
[PlyCount "81"]
[GameId "2160767911935904"]
[EventDate "1997.10.26"]
[EventType "swiss (rapid)"]
[EventRounds "6"]
[EventCountry "CAN"]
[SourceTitle "CFC 1998.02"]

1. e4 e6 2. Qe2 Be7 3. b3 d5 4. Bb2 Nf6 5. e5 Nfd7 6. Qg4 g6 7. Nf3 c5 8. h4 h5 9. Qf4 Nc6 10. Nc3 a6 11. Nd1 Nb4 12. Ne3 d4 13. c3 dxe3 14. cxb4 exf2+ 15. Kxf2 cxb4 16. Bd3 Nc5 17. Bc2 Nd3+ 18. Bxd3 Qxd3 19. Rac1 Bd7 20. Nd4 g5 21. hxg5 Qg6 22. Nf3 Bc6 23. Rhg1 h4 24. Bd4 h3 25. Be3 Rd8 26. Rh1 Bxf3 27. gxf3 Rh5 28. Rcg1 Qc2 29. Rg3 Bc5 30. Ke2 Qd3+ 31. Ke1 Bxe3 32. Qxe3 Qb1+ 33. Ke2 Qxh1 34. Rg4 h2 35. g6 Rf5 36. g7 Qf1+ 37. Kxf1 h1=Q+ 38. Ke2 Qh2+ 39. Kd1 Qh1+ 40. Rg1 Rxd2+ 41. Kxd2 1-0

[Event "Kingston Candidates"]
[Site "Kingston CAN"]
[Date "1997.05.09"]
[Round "8"]
[White "Coppin, Wayne"]
[Black "Dixon, Frank"]
[Result "1-0"]
[WhiteElo "1989"]
[BlackElo "1985"]
[PlyCount "99"]
[GameId "2160767911966304"]
[EventDate "1997.03.14"]
[EventType "tourn"]
[EventRounds "10"]
[EventCountry "CAN"]

1. e4 e6 2. Nf3 c5 3. b4 cxb4 4. d4 d5 5. e5 Nc6 6. a3 bxa3 7. c3 a6 8. Nxa3 Bd7 9. Bd3 b5 10. Nc2 Qb6 11. Ng5 f5 12. Ba3 Nge7 13. Bc5 Qb7 14. Qe2 h6 15. Nh3 O-O-O 16. O-O Nb8 17. Bxe7 Bxe7 18. Nf4 g5 19. Ng6 Rh7 20. g4 fxg4 21. Qxg4 Re8 22. Nf8 Rg7 23. Nxd7 Kxd7 24. f4 h5 25. Qg2 Kc7 26. f5 exf5 27. Rxf5 Nd7 28. Raf1 h4 29. Ne3 Nb6 30. Rf7 Rxf7 31. Rxf7 Kd8 32. Nf5 Qc6 33. Nxe7 Rxe7 34. Qxg5 Qe8 35. Rg7 Nd7 36. e6 Nf8 37. Qxd5+ Kc7 38. Qe5+ Kc8 39. Qc5+ Kd8 40. Qb6+ Kc8 41. Qxa6+ Kc7 42. Qa7+ Kd6 43. Qc5+ Kxe6 44. Qe5+ Kd7 45. Bxb5+ Kc8 46. Rxe7 Qg6+ 47. Kf2 Qc2+ 48. Be2 Nd7 49. Re8+ Kb7 50. Qe4+ 1-0

[Event "Kingston op U1950"]
[Site "Kingston CAN"]
[Date "1997.02.08"]
[Round "1"]
[White "Burgess, Doug"]
[Black "Wright, James"]
[Result "1-0"]
[WhiteElo "1834"]
[BlackElo "1405"]
[PlyCount "63"]
[GameId "2160767911966493"]
[EventDate "1997.02.08"]
[EventType "swiss"]
[EventRounds "5"]
[EventCountry "CAN"]

1. e4 c5 2. Nf3 Nc6 3. d4 cxd4 4. c3 dxc3 5. Nxc3 a6 6. Bc4 e6 7. O-O d6 8. Qe2 Qc7 9. Rd1 Nf6 10. Bf4 Be7 11. Rac1 O-O 12. a3 Bd7 13. b4 b5 14. Bb3 Qb8 15. e5 Nh5 16. Bg3 Nxg3 17. hxg3 d5 18. Re1 Bd8 19. Bc2 Bb6 20. Qd3 g6 21. Qe2 Nd4 22. Qd2 Nxf3+ 23. gxf3 Bc6 24. Kg2 Qb7 25. Rh1 f6 26. Qh6 f5 27. Bd1 d4 28. Nb1 a5 29. Rxc6 Rfe8 30. Rxb6 Qg7 31. Qxg7+ Kxg7 32. Rb7+ 1-0

[Event "Kingston op U1950"]
[Site "Kingston CAN"]
[Date "1997.02.08"]
[Round "2"]
[White "Castleman, Kevin"]
[Black "Wright, James"]
[Result "1-0"]
[WhiteElo "1855"]
[BlackElo "1405"]
[PlyCount "79"]
[GameId "2160767911966494"]
[EventDate "1997.02.08"]
[EventType "swiss"]
[EventRounds "5"]
[EventCountry "CAN"]

1. Nf3 d5 2. g3 g6 3. Bg2 Bg7 4. d3 Nf6 5. Nbd2 Bf5 6. O-O O-O 7. Nh4 Bg4 8. h3 Be6 9. Nhf3 Nh5 10. Ng5 Qd6 11. Nxe6 fxe6 12. Nf3 Qb6 13. Be3 Qd6 14. c3 c5 15. Qd2 Nc6 16. Bh6 Ne5 17. Bxg7 Kxg7 18. Kh2 Rf5 19. Nxe5 Rxe5 20. d4 cxd4 21. Qxd4 Kg8 22. Bf3 Ng7 23. Rad1 Nf5 24. Qf4 Rf8 25. c4 Ne3 26. Qxe3 Rxe3 27. fxe3 Rf5 28. cxd5 Rg5 29. Rg1 exd5 30. Rd4 e6 31. e4 Qb6 32. Rd2 dxe4 33. Bxe4 Qe3 34. Rd8+ Kg7 35. Bf3 Kh6 36. Rd7 b5 37. g4 Rd5 38. Bxd5 Qe5+ 39. Kh1 exd5 40. g5+ 1-0

[Event "Kingston op U1950"]
[Site "Kingston CAN"]
[Date "1997.02.09"]
[Round "4"]
[White "Wright, James"]
[Black "Langer, Herb"]
[Result "1/2-1/2"]
[WhiteElo "1405"]
[BlackElo "1869"]
[PlyCount "102"]
[GameId "2160767911966495"]
[EventDate "1997.02.08"]
[EventType "swiss"]
[EventRounds "5"]
[EventCountry "CAN"]

1. d4 Nf6 2. Bg5 e6 3. e4 Be7 4. Nc3 Nxe4 5. Bxe7 Nxc3 6. Bxd8 Nxd1 7. Bxc7 Nxb2 8. Bd6 Na4 9. c4 Nc6 10. Nf3 Nc3 11. Bd3 a5 12. a4 Nb4 13. Kd2 Ra6 14. c5 Nxd3 15. Kxd3 Nd5 16. Ne5 f6 17. Nc4 Kf7 18. Rhb1 Nb4+ 19. Kc3 h5 20. h4 g5 21. g3 gxh4 22. gxh4 Rg8 23. Rg1 Nd5+ 24. Kd3 b6 25. Rxg8 Kxg8 26. Rb1 Nb4+ 27. Kd2 bxc5 28. Bxc5 Bb7 29. Bxb4 axb4 30. Rxb4 Bc6 31. Nb6 Kg7 32. Kc3 Kg6 33. Kc4 Ra5 34. Kb3 Rf5 35. f4 Rxf4 36. d5 Rxb4+ 37. Kxb4 exd5 38. Kc5 f5 39. Nxd5 Bxa4 40. Nf4+ Kh6 41. Kd6 Bc6 42. Ke5 Be4 43. Kd6 Bf3 44. Ke5 Bg4 45. Kd6 Kg7 46. Kxd7 Kf6 47. Kd6 Bf3 48. Ne6 Bd1 49. Nf4 Bg4 50. Ne6 Kf7 51. Nf4 Kf6 1/2-1/2

[Event "Kingston op U1950"]
[Site "Kingston CAN"]
[Date "1997.02.09"]
[Round "5"]
[White "Wright, James"]
[Black "Smeltzer, Wayne"]
[Result "1-0"]
[WhiteElo "1405"]
[BlackElo "1673"]
[PlyCount "55"]
[GameId "2160767911966496"]
[EventDate "1997.02.08"]
[EventType "swiss"]
[EventRounds "5"]
[EventCountry "CAN"]

1. d4 d5 2. Nf3 Nf6 3. c4 e6 4. Bg5 Be7 5. Nc3 c6 6. e3 O-O 7. Be2 dxc4 8. Bxc4 Nbd7 9. O-O Nd5 10. Bxe7 Qxe7 11. Rc1 N5f6 12. Re1 b5 13. Bd3 Bb7 14. e4 e5 15. Qc2 Rac8 16. Qd2 h6 17. Ne2 a6 18. Ng3 Nh7 19. Nf5 Qf6 20. Re3 exd4 21. N3xd4 Ne5 22. Rg3 g5 23. f4 Nxd3 24. Qxd3 Rfe8 25. e5 Rxe5 26. fxe5 Qxe5 27. Nxh6+ Kh8 28. Nxf7+ 1-0

[Event "Kitchener Winter op"]
[Site "Kitchener CAN"]
[Date "1997.02.14"]
[Round "1"]
[White "Burgess, Doug"]
[Black "Cohen, David"]
[Result "1/2-1/2"]
[WhiteElo "1834"]
[BlackElo "1998"]
[PlyCount "122"]
[GameId "2160767911966477"]
[EventDate "1997.02.14"]
[EventType "swiss"]
[EventRounds "5"]
[EventCountry "CAN"]

1. e4 c5 2. Nf3 d6 3. d4 cxd4 4. c3 d3 5. Bxd3 Nc6 6. O-O Nf6 7. c4 g6 8. Nc3 Bg7 9. h3 O-O 10. Be3 Be6 11. Qd2 Re8 12. Rfd1 Rc8 13. b3 Qa5 14. Rac1 a6 15. Nd5 Qxd2 16. Bxd2 Nd7 17. Bc3 Bxc3 18. Nxc3 Nde5 19. Nxe5 Nxe5 20. Nd5 Nxd3 21. Rxd3 Bxd5 22. exd5 b5 23. Rdc3 bxc4 24. Rxc4 Rxc4 25. Rxc4 Rb8 26. Ra4 Rb6 27. f4 h5 28. Kf2 Kg7 29. Ke3 Kf6 30. g4 hxg4 31. hxg4 e6 32. dxe6 fxe6 33. b4 e5 34. a3 d5 35. Ra5 Rd6 36. Rc5 d4+ 37. Ke4 exf4 38. g5+ Ke6 39. Re5+ Kd7 40. Kd3 Kc6 41. a4 f3 42. Rc5+ Kb6 43. Rc2 Rd5 44. Rf2 Rxg5 45. Rxf3 Rg4 46. Rf6+ Kb7 47. Rf7+ Kb6 48. Rd7 Rg3+ 49. Kxd4 Rg4+ 50. Kc3 Rg1 51. Rd6+ Kb7 52. Re6 Rg3+ 53. Kd4 Rg4+ 54. Re4 Rg1 55. a5 Kc6 56. Re6+ Kb5 57. Rb6+ Ka4 58. Rxa6 Kxb4 59. Ke3 Kb5 60. Ra8 Ra1 61. Rb8+ Ka6 1/2-1/2

[Event "Kitchener Winter op"]
[Site "Kitchener CAN"]
[Date "1997.02.15"]
[Round "2"]
[White "Cohen, David"]
[Black "Langill, Ron"]
[Result "1/2-1/2"]
[WhiteElo "1998"]
[BlackElo "1636"]
[PlyCount "61"]
[GameId "2160767911966478"]
[EventDate "1997.02.14"]
[EventType "swiss"]
[EventRounds "5"]
[EventCountry "CAN"]

1. d4 Nf6 2. c4 g6 3. Nc3 Bg7 4. e4 O-O 5. e5 Ne8 6. f4 d6 7. Nf3 dxe5 8. fxe5 f6 9. exf6 exf6 10. Be2 Nc6 11. O-O Bg4 12. Be3 Nd6 13. Qd2 Nf5 14. Rad1 Re8 15. Nd5 Nxe3 16. Nxe3 Bh6 17. Ne5 Nxe5 18. Nxg4 Bxd2 19. Nxf6+ Kg7 20. Nxe8+ Qxe8 21. Rxd2 Rd8 22. Rf4 Nd3 23. Rf3 Rxd4 24. Kf1 Rxc4 25. Rfxd3 Qf7+ 26. Bf3 Rc1+ 27. Kf2 Kh6 28. b3 Qf5 29. Rd5 Qf4 30. g3 Qf6 31. Kg2 1/2-1/2

[Event "Kitchener Winter op"]
[Site "Kitchener CAN"]
[Date "1997.02.15"]
[Round "3"]
[White "Atkinson, Harold"]
[Black "Cohen, David"]
[Result "1/2-1/2"]
[WhiteElo "1856"]
[BlackElo "1998"]
[PlyCount "59"]
[GameId "2160767911966479"]
[EventDate "1997.02.14"]
[EventType "swiss"]
[EventRounds "5"]
[EventCountry "CAN"]

1. e4 c5 2. Nf3 d6 3. d4 cxd4 4. Nxd4 Nf6 5. Nc3 Nc6 6. Be2 a6 7. Bg5 e6 8. f4 Be7 9. Qd2 Qc7 10. O-O-O b5 11. Bf3 Bb7 12. a3 Rd8 13. Nb3 b4 14. Bxf6 Bxf6 15. Nb1 a5 16. a4 O-O 17. g4 g6 18. h4 Ba6 19. Be2 Bxe2 20. Qxe2 Rc8 21. g5 Bh8 22. h5 Nd8 23. Rd2 Qc4 24. Qxc4 Rxc4 25. Nxa5 Rxe4 26. Rxd6 Rxf4 27. Nd2 e5 28. Nac4 Ne6 29. hxg6 hxg6 30. Re1 1/2-1/2

[Event "Kitchener Winter op"]
[Site "Kitchener CAN"]
[Date "1997.02.15"]
[Round "3"]
[White "Demmery, Steve"]
[Black "Zubac, Marius"]
[Result "1-0"]
[WhiteElo "1970"]
[BlackElo "2341"]
[PlyCount "109"]
[GameId "2160767911966480"]
[EventDate "1997.02.14"]
[EventType "swiss"]
[EventRounds "5"]
[EventCountry "CAN"]
[SourceTitle "CFC 1997.04"]
[SourceDate "2011.01.01"]
[SourceVersion "1"]
[SourceVersionDate "2011.01.01"]
[SourceQuality "1"]

1. d4 f5 2. Bf4 Nf6 3. h3 d6 4. Nc3 c6 5. e3 Qb6 6. Qd2 Qxb2 7. Rb1 Qa3 8. Bd3 Qa5 9. Nf3 Nd5 10. Nxd5 Qxd2+ 11. Kxd2 cxd5 12. c4 dxc4 13. Bxc4 e6 14. Rhc1 Nc6 15. d5 exd5 16. Bxd5 Nd8 17. Nd4 Bd7 18. Bxb7 Rb8 19. Bd5 Rxb1 20. Rxb1 Be7 21. Rb8 g5 22. Bh2 Rf8 23. Ne6 Bxe6 24. Bxe6 Rf6 25. Bd5 Kd7 26. Ra8 Nc6 27. Bxc6+ Kxc6 28. Rxa7 Re6 29. Kd3 h5 30. f3 Bd8 31. Rf7 Bb6 32. e4 fxe4+ 33. fxe4 Rg6 34. e5 dxe5 35. Bxe5 Kd5 36. Bc3 Ke6 37. Rg7 Rxg7 38. Bxg7 Kf5 39. Bd4 Bc7 40. Be3 h4 41. Ke2 g4 42. a4 gxh3 43. gxh3 Ke4 44. Bf2 Bd8 45. Be1 Kf4 46. Kf2 Ke4 47. Kg2 Kd5 48. Kf3 Kc5 49. Kg4 Kc4 50. Bxh4 Ba5 51. Bf6 Kb3 52. h4 Kxa4 53. h5 Bd2 54. Bg5 Bc3 55. Kf5 1-0

[Event "Kitchener Winter op"]
[Site "Kitchener CAN"]
[Date "1997.02.16"]
[Round "4"]
[White "Cohen, David"]
[Black "Rowles, Christopher"]
[Result "1/2-1/2"]
[WhiteElo "1998"]
[BlackElo "1908"]
[PlyCount "108"]
[GameId "2160767911966481"]
[EventDate "1997.02.14"]
[EventType "swiss"]
[EventRounds "5"]
[EventCountry "CAN"]

1. d4 d5 2. c4 c6 3. Nc3 Bf5 4. cxd5 cxd5 5. Qb3 Qd7 6. Qxd5 Nc6 7. Qxd7+ Bxd7 8. Nf3 Nf6 9. e4 Nb4 10. Kd1 a6 11. Be3 e6 12. a3 Nc6 13. Bd3 Be7 14. Ke2 O-O 15. Rhd1 Rac8 16. Rac1 Na5 17. Nd2 Ng4 18. Bf4 g5 19. Be3 f5 20. f3 Nxe3 21. Kxe3 f4+ 22. Kf2 Nc6 23. Ne2 e5 24. d5 Nb8 25. Nc3 g4 26. Nc4 Bc5+ 27. Ke2 Rce8 28. b4 Be3 29. Nxe3 fxe3 30. Kxe3 gxf3 31. gxf3 Re7 32. Rg1+ Kh8 33. Rg3 Ref7 34. Rcg1 Be8 35. d6 Rf6 36. Bc4 Bf7 37. Bxf7 R6xf7 38. Nd5 Nc6 39. Ne7 Nxe7 40. dxe7 Rxe7 41. Rc1 h6 42. Rc5 Kh7 43. a4 Rf6 44. b5 Rb6 45. f4 exf4+ 46. Kxf4 Rf6+ 47. Rf5 Rd6 48. bxa6 bxa6 49. a5 Rd2 50. h3 Rd4 51. Re3 Ra4 52. h4 Rb7 53. Rd3 Re7 54. Re3 Rb7 1/2-1/2

[Event "Kitchener Winter op"]
[Site "Kitchener CAN"]
[Date "1997.02.16"]
[Round "5"]
[White "Flitton, David"]
[Black "Cohen, David"]
[Result "0-1"]
[WhiteElo "1712"]
[BlackElo "1998"]
[PlyCount "160"]
[GameId "2160767911966482"]
[EventDate "1997.02.14"]
[EventType "swiss"]
[EventRounds "5"]
[EventCountry "CAN"]

1. e4 c5 2. Nc3 d6 3. f4 Nc6 4. Nf3 Nf6 5. g3 g6 6. Bg2 Bg7 7. d3 O-O 8. O-O a6 9. Kh1 Qc7 10. Be3 b5 11. Ne2 Bb7 12. c3 Rac8 13. Rc1 e6 14. Bh3 Qe7 15. Qd2 Rfe8 16. Rfe1 Nb8 17. Neg1 Bc6 18. Qf2 Qb7 19. Ne2 Rcd8 20. Rf1 Qe7 21. Kg1 Ba8 22. e5 Nd5 23. exd6 Qb7 24. Bxc5 Nd7 25. Bd4 N7f6 26. Be5 Rd7 27. Ned4 Rdd8 28. Rce1 Nh5 29. Bg2 Bf8 30. Rd1 Qc8 31. Nd2 Bxd6 32. Bxd6 Rxd6 33. Ne4 Rd7 34. Rfe1 Nhf6 35. Nxf6+ Nxf6 36. Bxa8 Qxa8 37. Qf3 Qd5 38. Qxd5 Rxd5 39. Re5 Rd6 40. Rc5 Red8 41. Rc6 Kf8 42. a3 Rxc6 43. Nxc6 Rd6 44. Ne5 Ne4 45. d4 Nc5 46. Nd3 Nb3 47. Kf2 Ke7 48. Kf3 h5 49. h3 Na5 50. Ne5 Nc4 51. Nd3 Na5 52. Ra1 Nb3 53. Ra2 Nd2+ 54. Kg2 Nb3 55. a4 bxa4 56. Rxa4 a5 57. Rc4 Rd7 58. Ne5 Rb7 59. Ra4 Kd6 60. Nc4+ Kc6 61. Rxa5 Nd2 62. Ne5+ Kd6 63. b4 Rc7 64. Rc5 Ra7 65. b5 Ra2 66. Nxf7+ Ke7 67. Rc7+ Kf6 68. Kg1 Nf3+ 69. Kf1 Rd2 70. Ne5 Nxe5 71. dxe5+ Kf5 72. b6 Ke4 73. Ra7 Kf3 74. Ra1 Rh2 75. Ke1 Rh1+ 76. Kd2 Rxa1 77. c4 Ke4 78. c5 Kd5 79. Kc2 Kc6 80. Kb2 Ra5 0-1

[Event "Labour Day op U2000"]
[Site "Toronto CAN"]
[Date "1997.08.31"]
[Round "4"]
[White "Guidi, Steve"]
[Black "Tomlinson, John"]
[Result "1-0"]
[WhiteElo "1929"]
[BlackElo "1704"]
[PlyCount "61"]
[GameId "2160767911932132"]
[EventDate "1997.08.30"]
[EventType "swiss"]
[EventRounds "6"]
[EventCountry "CAN"]
[SourceTitle "CFC 1997.12"]

1. e4 e5 2. Nf3 Nc6 3. Bb5 a6 4. Bxc6 dxc6 5. O-O Be7 6. Nc3 Bg4 7. h3 Bxf3 8. Qxf3 Nf6 9. d3 Qd6 10. Be3 b5 11. a3 O-O 12. Qe2 Nd7 13. f4 f6 14. f5 a5 15. Qg4 Rfb8 16. Ne2 c5 17. Ng3 Kh8 18. Nh5 Bf8 19. Rf3 Qe7 20. Rg3 Qf7 21. Rf1 a4 22. Qh4 b4 23. Rg4 bxa3 24. bxa3 Rb2 25. Rf3 Rxc2 26. Rfg3 Rb8 27. Kh2 Re2 28. Bxc5 Nxc5 29. Nxf6 h6 30. Qxh6+ gxh6 31. Rg8+ 1-0

[Event "Labour Day op U2200"]
[Site "Toronto CAN"]
[Date "1997.08.30"]
[Round "1"]
[White "Chen, Chin Hua"]
[Black "Rousseau, Daniel"]
[Result "0-1"]
[WhiteElo "2003"]
[BlackElo "2113"]
[PlyCount "68"]
[GameId "2160767911932133"]
[EventDate "1997.08.30"]
[EventType "swiss"]
[EventRounds "6"]
[EventCountry "CAN"]
[SourceTitle "hb 2011"]

1. e4 e5 2. Nf3 Nc6 3. Bb5 a6 4. Ba4 Nf6 5. O-O b5 6. Bb3 Bb7 7. c3 Nxe4 8. Re1 d5 9. d4 exd4 10. Nxd4 Nxd4 11. Qxd4 Bd6 12. Qxg7 Bxh2+ 13. Kf1 Kd7 14. Qg4+ Kc6 15. a4 Rg8 16. Qh5 Qd6 17. Na3 Rae8 18. axb5+ axb5 19. c4 bxc4 20. Ba4+ Kb6 21. Bxe8 Rxe8 22. Be3+ c5 23. Qxf7 Ng3+ 24. fxg3 Rf8 25. Qxf8 Qxf8+ 26. Ke2 Bxg3 27. Rf1 Qe7 28. Kd2 Ba6 29. Rf3 Bd6 30. Nc2 d4 31. Bf2 Qg5+ 32. Ke1 Bb7 33. Rf7 Qxg2 34. Nxd4 Qh1+ 0-1

[Event "Labour Day op U2200"]
[Site "Toronto CAN"]
[Date "1997.08.30"]
[Round "1"]
[White "Thorvardson, Barry"]
[Black "Veltmann, Martin"]
[Result "1-0"]
[WhiteElo "2023"]
[BlackElo "2135"]
[PlyCount "65"]
[GameId "2160767911932134"]
[EventDate "1997.08.30"]
[EventType "swiss"]
[EventRounds "6"]
[EventCountry "CAN"]
[SourceTitle "mv"]

1. e4 c5 2. Nf3 d6 3. d4 cxd4 4. Nxd4 Nf6 5. Nc3 a6 6. a4 e6 7. Be3 Be7 8. a5 Nbd7 9. f3 O-O 10. Be2 d5 11. exd5 Nxd5 12. Nxd5 exd5 13. O-O Bf6 14. c3 Re8 15. Bf2 Ne5 16. b4 Nc6 17. Re1 Qc7 18. Qd2 Bd7 19. Rac1 h6 20. g3 Ne5 21. Nb3 Bb5 22. f4 Nc4 23. Qxd5 Rad8 24. Qc5 Qxc5 25. Nxc5 Nd2 26. Bxb5 Nf3+ 27. Kf1 Rxe1+ 28. Bxe1 axb5 29. Nxb7 Rc8 30. Nd6 Rc6 31. Nxb5 Nxh2+ 32. Kg2 Ng4 33. Bf2 1-0

[Event "Labour Day op U2200"]
[Site "Toronto CAN"]
[Date "1997.08.30"]
[Round "2"]
[White "Rousseau, Daniel"]
[Black "Brice, Ron"]
[Result "1-0"]
[WhiteElo "2113"]
[BlackElo "2125"]
[PlyCount "73"]
[GameId "2160767911932135"]
[EventDate "1997.08.30"]
[EventType "swiss"]
[EventRounds "6"]
[EventCountry "CAN"]
[SourceTitle "hb 2011"]

1. e4 c5 2. Nf3 d6 3. d4 cxd4 4. Nxd4 Nf6 5. Nc3 a6 6. Be2 e5 7. Nb3 Be7 8. O-O O-O 9. a4 Be6 10. f4 exf4 11. Nd4 Bd7 12. Rxf4 Nc6 13. Nf5 Bxf5 14. Rxf5 Ne5 15. h3 Qb6+ 16. Kh1 Rac8 17. a5 Qc6 18. Ra4 Qd7 19. Rd4 Nxe4 20. Rf4 Ng3+ 21. Kh2 Nxe2 22. Qxe2 Bg5 23. Rf1 Bxc1 24. Rxc1 Rfe8 25. Qh5 Rc4 26. Rd2 Re6 27. Nd5 Qd8 28. b3 Qxa5 29. Rcd1 Rc6 30. Nf4 Rh6 31. Qe2 Qc5 32. Rd5 Qb4 33. R1d4 Qc3 34. Qxe5 g6 35. Qe8+ Kg7 36. Qe7 Qxc2 37. Ne6+ 1-0

[Event "Labour Day op U2200"]
[Site "Toronto CAN"]
[Date "1997.08.30"]
[Round "2"]
[White "Veltmann, Martin"]
[Black "Samson, Tom"]
[Result "1/2-1/2"]
[WhiteElo "2135"]
[BlackElo "2026"]
[PlyCount "86"]
[GameId "2160767911932136"]
[EventDate "1997.08.30"]
[EventType "swiss"]
[EventRounds "6"]
[EventCountry "CAN"]
[SourceTitle "mv"]

1. c4 Nf6 2. Nc3 e6 3. Nf3 d5 4. d4 Be7 5. Bf4 Nbd7 6. e3 c6 7. Qc2 dxc4 8. Bxc4 b5 9. Bd3 Bb7 10. O-O-O Qa5 11. Kb1 Rc8 12. Ne5 Nb6 13. Ne4 c5 14. Nxc5 Bxc5 15. dxc5 Nbd5 16. c6 Nb4 17. Qb3 Nxc6 18. Qxb5 Qxb5 19. Bxb5 O-O 20. Nxc6 Bxc6 21. Bxc6 Rxc6 22. Rc1 Rfc8 23. Rxc6 Rxc6 24. Rc1 Rxc1+ 25. Kxc1 Nd7 26. Bd6 e5 27. Kc2 f5 28. Kc3 Kf7 29. Kc4 Ke6 30. Bc5 a6 31. b4 e4 32. a4 Ne5+ 33. Kc3 Kd5 34. h3 g5 35. Bd4 Nd3 36. b5 axb5 37. axb5 Nxf2 38. b6 Kc6 39. Kc4 Nd3 40. g3 h5 41. b7 Kxb7 42. Kd5 h4 43. gxh4 gxh4 1/2-1/2

[Event "Labour Day op U2200"]
[Site "Toronto CAN"]
[Date "1997.08.31"]
[Round "3"]
[White "Dutton, Mark"]
[Black "Veltmann, Martin"]
[Result "1-0"]
[WhiteElo "2011"]
[BlackElo "2135"]
[PlyCount "41"]
[GameId "2160767911932137"]
[EventDate "1997.08.30"]
[EventType "swiss"]
[EventRounds "6"]
[EventCountry "CAN"]
[SourceTitle "mv"]

1. d4 Nf6 2. Nf3 g6 3. b3 Bg7 4. Bb2 O-O 5. g3 d5 6. Bg2 Bg4 7. O-O Qc8 8. Re1 Bh3 9. Bh1 Ne4 10. c4 c6 11. Nbd2 Nd7 12. cxd5 cxd5 13. Rc1 Qb8 14. Nxe4 dxe4 15. Ng5 Bf5 16. Nxe4 Rd8 17. e3 Ne5 18. Qe2 Ng4 19. Nc5 b6 20. Na6 Qd6 21. e4 1-0

[Event "Labour Day op U2200"]
[Site "Toronto CAN"]
[Date "1997.08.31"]
[Round "3"]
[White "Moghaddam, Shahriar"]
[Black "Rousseau, Daniel"]
[Result "1-0"]
[WhiteElo "2001"]
[BlackElo "2113"]
[PlyCount "63"]
[GameId "2160767911932138"]
[EventDate "1997.08.30"]
[EventType "swiss"]
[EventRounds "6"]
[EventCountry "CAN"]
[SourceTitle "hb 2011"]

1. e4 e5 2. Nf3 Nc6 3. Bb5 a6 4. Bxc6 dxc6 5. O-O Qd6 6. d4 exd4 7. Nxd4 Bd7 8. Be3 O-O-O 9. Nd2 Qg6 10. Qe2 Bd6 11. f4 f6 12. Kh1 h5 13. Bg1 Bg4 14. Qc4 Qe8 15. Rae1 c5 16. e5 fxe5 17. fxe5 Bf8 18. N4f3 Be6 19. Qc3 b6 20. Ng5 Bd5 21. e6 Nh6 22. Rxf8 Rxf8 23. e7 Qc6 24. exd8=Q+ Rxd8 25. Ndf3 Nf5 26. Qd3 g6 27. Qxa6+ Kb8 28. Qf1 h4 29. c4 Bg8 30. Ne5 Qf6 31. Qf4 Rd6 32. Ne4 1-0